| 000 | 00519nam a2200145Ia 4500 | ||
|---|---|---|---|
| 008 | 140724s9999 xx 000 0 und d | ||
| 050 |
_aRC 440 _b.Ar777 2009 |
||
| 100 | _aArrizza, Ma Theresa V. | ||
| 245 |
_aCreating awareness on personality disorders : _ba video production thesis / _cMa. Theresa V. Arrizza. |
||
| 260 |
_aLas PiƱas, Philippines : _bSouthville International School and Colleges, _cc2009. |
||
| 300 |
_a62 p. : _bcol. Ill. ; _c28 cm. |
||
| 521 | _aMass Communication | ||
| 942 | _cTH | ||
| 999 |
_c228839 _d228839 |
||